<?xml version="1.0" encoding="UTF-8"?>
<record
    xmlns:xsi="http://www.w3.org/2001/XMLSchema-instance"
    xsi:schemaLocation="http://www.loc.gov/MARC21/slim http://www.loc.gov/standards/marcxml/schema/MARC21slim.xsd"
    xmlns="http://www.loc.gov/MARC21/slim">

  <leader>00556aas a2200181   4500</leader>
  <datafield tag="999" ind1=" " ind2=" ">
    <subfield code="c">40943</subfield>
    <subfield code="d">40943</subfield>
  </datafield>
  <controlfield tag="005">20210217150933.0</controlfield>
  <controlfield tag="007">ta</controlfield>
  <controlfield tag="008">210217b           sr|p| |||| 00| 0 eng d</controlfield>
  <datafield tag="022" ind1=" " ind2=" ">
    <subfield code="a">0011-3891</subfield>
  </datafield>
  <datafield tag="040" ind1=" " ind2=" ">
    <subfield code="c">oclc</subfield>
  </datafield>
  <datafield tag="082" ind1=" " ind2=" ">
    <subfield code="a">500</subfield>
    <subfield code="b">CUR</subfield>
  </datafield>
  <datafield tag="245" ind1=" " ind2=" ">
    <subfield code="a">Current Science</subfield>
  </datafield>
  <datafield tag="260" ind1=" " ind2=" ">
    <subfield code="a">Bengaluru:</subfield>
    <subfield code="b">Current Science Association</subfield>
  </datafield>
  <datafield tag="310" ind1=" " ind2=" ">
    <subfield code="a">Fortnightly</subfield>
  </datafield>
  <datafield tag="650" ind1=" " ind2="0">
    <subfield code="9">2323</subfield>
    <subfield code="a">Natural sciences &amp; mathematics</subfield>
    <subfield code="v">Chemistry</subfield>
    <subfield code="v">Physics</subfield>
    <subfield code="v">Biology</subfield>
  </datafield>
  <datafield tag="856" ind1=" " ind2=" ">
    <subfield code="u">https://www.currentscience.ac.in/php/cissue.php</subfield>
  </datafield>
  <datafield tag="942" ind1=" " ind2=" ">
    <subfield code="2">ddc</subfield>
    <subfield code="c">CR</subfield>
    <subfield code="h">500/</subfield>
    <subfield code="k">CUR</subfield>
    <subfield code="m">500/</subfield>
    <subfield code="n">CUR</subfield>
    <subfield code="s">1</subfield>
  </datafield>
</record>
